000 005290000a22001810004500
003 MACL
005 20160226151256.0
008 160226b xxu||||| |||| 00| 0 eng d
040 _aMACL
_cMACL
041 _aHindi
082 _a800
100 _aरामनारायण उपाध्‍याय
_940687
245 _aजनम जनम के फेरे
260 _bप्रभात प्रकाशन
_c1980
_aदिल्‍ली
350 _a25
650 _aLiteracture
_939932
942 _cHIN
_k800
_2ddc
999 _c27332
_d27332